000 00420nam a22001817a 4500
003 OSt
005 20250318131832.0
008 250318b |||||||| |||| 00| 0 eng d
020 _a97893293050670
082 _a921
_b BISB
100 _aBismil, Ramparasad
245 _aBismil ki atmakatha
260 _aGurugram
_bLexicon Books
300 _a174p.
546 _aHindi
651 _aAutobiography
942 _2ddc
_cBK
999 _c3732
_d3732